|
|
|
|
| LEADER |
00000nam a2200000 a 4500 |
| 001 |
vtls001375990 |
| 003 |
SK-MaSNL |
| 005 |
20260302000625.0 |
| 008 |
240318s1999 xo a r y slo |
| 015 |
|
|
|a SNBA2000/01-00189
|
| 020 |
|
|
|a 8088811864
|
| 035 |
|
|
|a SNK000329907
|
| 035 |
|
|
|a urn:nbn:sk:snk-amkk9t
|
| 035 |
|
|
|a urn:nbn:sk:snk-am003of5
|
| 035 |
|
|
|a CB1F73B6-44C7-4CD9-88C8-1518D8D110F7
|
| 040 |
|
|
|a SNK
|b slo
|c SNK
|e AACR2
|
| 041 |
0 |
|
|a slo
|
| 044 |
|
|
|a xo
|c SK
|
| 080 |
|
|
|a 744.44(075.3)
|2 1981
|
| 100 |
1 |
|
|a Leinveber, Jan
|4 aut
|9 42134
|
| 240 |
1 |
0 |
|a Technické kreslení pro SPŠ nestrojnické
|l Slovensky
|
| 245 |
1 |
0 |
|a Technické kreslenie pre SPŠ nestrojnícke
|c Jan Leinveber, Josef Švercl ; [z českého originálu preložila Ľubomíra Csáderová]
|
| 250 |
|
|
|a 2. vyd.
|
| 260 |
|
|
|a Bratislava
|b Alfa-press
|c 1999
|
| 300 |
|
|
|a 203 s., [1] voľ. príl.
|b sch.
|c 21 cm
|
| 500 |
|
|
|a Údaj o prekl. prevzatý z rubu tit. strany
|
| 500 |
|
|
|a Celkove 4. vyd.
|
| 504 |
|
|
|a Bibliogr. s. 200
|
| 650 |
0 |
7 |
|a kreslenie technické
|x učebnice stred. priem. škôl (1. roč.)
|2 SNK
|9 520803
|
| 655 |
|
7 |
|a učebnice
|2 SNK
|9 22521
|
| 700 |
1 |
|
|a Švercl, Josef
|4 aut
|9 6111
|
| 700 |
1 |
|
|a Csáderová, Ľubomíra
|4 trl
|9 43220
|
| 919 |
|
|
|a 80-88811-86-4
|
| 958 |
|
|
|a TL
|
| 958 |
|
|
|a OP
|
| 958 |
|
|
|a NS
|
| 958 |
|
|
|a CZ
|
| 958 |
|
|
|a UC
|
| 968 |
|
|
|b ČES
|
| 999 |
|
|
|c 980366
|d 982296
|
| 952 |
|
|
|t P60, <03>, [BOOK], {603}
|a SNK
|b SNK
|y PREZ
|7 0
|p 17A0216271
|o snkSC 99984
|i snkKSP 10787/99
|0 0
|1 0
|4 0
|d 1999-11-03
|f 1
|l 0
|r 2025-09-19 00:00:00
|w 2026-02-24
|
| 952 |
|
|
|t P60, <04>, [BOOK], {604}
|a SNK
|b SNK
|y VYP
|7 0
|p 17A0216272
|o snkSC 99984 D1
|i snkKSP 10788/99
|0 0
|1 0
|4 0
|d 1999-11-03
|l 0
|r 2005-01-02 00:00:00
|w 2026-02-24
|